| 000 | 01179nasaa2200337 a 4500 | ||
|---|---|---|---|
| 001 | vtls001296227 | ||
| 003 | NLI | ||
| 005 | 20210603181947.0 | ||
| 008 | 120418d19899999nyuux m i0 a0eng | ||
| 039 | 9 |
_y201204181846 _zVLOAD |
|
| 040 | 0 |
_aNLI _cVTLS-2012_FOD _eAACR2 |
|
| 041 | 0 | _aeng | |
| 044 | _anyu | ||
| 082 | 0 | 4 | _a341.759 |
| 111 | 2 |
_aPlenary meetings : _d(1985 : _cGeneva, New York) _9669464 |
|
| 245 | 1 | 0 |
_aEconomic and Social Council official records : _bplenary meetings summary records of the meetings held during the organisational session for 1985 and the first regular session of 1985 |
| 260 |
_aNew York : _bUnited Nations, _c1989- |
||
| 300 |
_a-v. ; _c28 cm. |
||
| 310 | _aIrregular | ||
| 440 | 0 |
_aEconomic and Social Council ; _v1-27 _9579554 |
|
| 610 | 2 | 0 |
_aUnited Nations. _bEconomic and Social Council |
| 650 | 0 |
_aEconomic development _92639 |
|
| 650 | 0 |
_aSocial planning _9131194 |
|
| 650 | 0 |
_aEconomic policy _92783 |
|
| 650 | 0 |
_aSocial policy _96319 |
|
| 710 | 1 |
_aUnited Nations. _bEconomic and Social Council _9675475 |
|
| 887 | _a | ||
| 901 |
_aUN-25608 _b09.09.1991 |
||
| 902 | _aU.N 341.759 P 713 (1-27) | ||
| 942 |
_2ddc _cBKS |
||
| 999 |
_aVIRTUA40 _c551908 _d551908 |
||